| 000 | 00441nam a2200169Ia 4500 | ||
|---|---|---|---|
| 001 | 19637 | ||
| 003 | GE_BSU | ||
| 008 | 181216s||||||||xx |||||||||||||| ||und|| | ||
| 040 | _cGE_BSU | ||
| 245 | _aParis Match, du 22 AU 28 decembre. 2016. №3527 | ||
| 260 | _aParis | ||
| 260 | _c2016 | ||
| 300 | _a110p. 30 cm. ill. | ||
| 653 | _aParis Match. du 22 AU 28 decembre. 2016. №3527 | ||
| 653 | _aპერიოდიკა | ||
| 942 | _cCR | ||
| 999 |
_c52613 _d52613 |
||